[Event "Marianske Lazne op 50+"]
[Site "Marianske Lazne"]
[Date "2019.01.21"]
[Round "3"]
[White "Panos, Jan"]
[Black "Svec, Jan"]
[Result "1/2-1/2"]
[WhiteElo "1846"]
[BlackElo "1722"]
[PlyCount "70"]
[EventDate "2019.01.19"]
[EventType "swiss"]
[EventRounds "9"]
[EventCountry "CZE"]
[SourceTitle "CBM 188 Extra"]
[Source "ChessBase"]
[SourceDate "2019.02.26"]
[SourceVersion "1"]
[SourceVersionDate "2019.02.26"]
[SourceQuality "1"]

1. d4 Nf6 2. Bf4 g6 3. Nc3 c6 4. e4 Bg7 5. Qd2 0-0 6. 0-0-0 d5 7. f3 Nbd7 8. g4 Ne8 9. exd5 Qa5 10. dxc6 bxc6 11. Bc4 Ba6 12. Bb3 c5 13. dxc5 Nxc5 14. Kb1 Nxb3 15. axb3 Nf6 16. Nge2 Bb7 17. Rhf1 Rad8 18. Qe3 Rxd1+ 19. Rxd1 e6 20. b4 Qa6 21. b5 Qa5 22. Be5 Nd5 23. Nxd5 Bxd5 24. Nc3 Bxe5 25. Nxd5 Bxb2 26. Ne7+ Kg7 27. Kxb2 Qb4+ 28. Qb3 Qxe7 29. Qc3+ Kg8 30. Qd4 Qb7 31. Qd3 a6 32. c4 axb5 33. cxb5 Rc8 34. Rc1 Qb8 35. Rc2 Qe5+ 1/2-1/2

[Event "Marianske Lazne Seniors op 17th"]
[Site "Marianske Lazne"]
[Date "2018.01.20"]
[Round "1"]
[White "Svec, Jan"]
[Black "Kozak, Milos"]
[Result "0-1"]
[WhiteElo "1745"]
[BlackElo "2111"]
[PlyCount "77"]
[EventDate "2018.01.20"]
[EventType "swiss"]
[EventRounds "9"]
[EventCountry "CZE"]
[SourceTitle "CBM 182 Extra"]
[Source "ChessBase"]
[SourceDate "2018.02.23"]
[SourceVersion "1"]
[SourceVersionDate "2018.02.23"]
[SourceQuality "1"]

1. d4 Nf6 2. c4 e6 3. Nc3 Bb4 4. Qc2 0-0 5. Nf3 d6 6. a3 Bxc3+ 7. Qxc3 b6 8. g3 Bb7 9. Bg2 Nbd7 10. 0-0 Qe7 11. Bg5 h6 12. Bxf6 Nxf6 13. Rfe1 c5 14. dxc5 bxc5 15. Nd2 Bxg2 16. Kxg2 a5 17. Rab1 a4 18. e4 e5 19. Re3 Rfb8 20. f3 Rb6 21. b4 axb3 22. Rxb3 Rxb3 23. Qxb3 Qa7 24. Rd3 Rb8 25. Qc2 Ne8 26. Rb3 Rxb3 27. Qxb3 Nc7 28. Kf2 Ne6 29. h4 Nd4 30. Qb2 g6 31. Kg2 Kg7 32. f4 exf4 33. gxf4 Qe7 34. Kg3 Qf6 35. Qb1 Ne2+ 36. Kf2 Nc3 37. Qd3 Qxf4+ 38. Kg1 Nd1 39. Qf3 0-1

[Event "Wch Seniors 50 26th"]
[Site "Marianske Lazne"]
[Date "2016.11.26"]
[Round "7"]
[White "Muniraju, Narayanappa"]
[Black "Svec, Jan"]
[Result "1/2-1/2"]
[WhiteElo "1264"]
[BlackElo "1717"]
[PlyCount "51"]
[EventDate "2016.11.19"]
[EventType "swiss"]
[EventRounds "11"]
[EventCountry "CZE"]
[SourceTitle "CBM 175 Extra"]
[Source "ChessBase"]
[SourceDate "2016.12.12"]
[SourceVersion "1"]
[SourceVersionDate "2016.12.12"]
[SourceQuality "1"]

1. d4 e6 2. c4 Nf6 3. Nc3 d5 4. Bf4 Bd6 5. Bd2 b6 6. Nb5 Be7 7. Bf4 Na6 8. Nf3 0-0 9. a3 Bb7 10. e3 c6 11. Nc3 Bd6 12. Bg5 h6 13. Bh4 Be7 14. Bd3 dxc4 15. Bxc4 c5 16. Qe2 Nc7 17. Rd1 Nfd5 18. Bxe7 Qxe7 19. 0-0 Nxc3 20. bxc3 Nd5 21. Qb2 Rac8 22. Bd3 cxd4 23. cxd4 Rc7 24. Rc1 Rfc8 25. Rxc7 Rxc7 26. Rc1 1/2-1/2

[Event "Wch Seniors 50 26th"]
[Site "Marianske Lazne"]
[Date "2016.11.21"]
[Round "3"]
[White "Cesar, Geovanny"]
[Black "Svec, Jan"]
[Result "0-1"]
[WhiteElo "1942"]
[BlackElo "1717"]
[PlyCount "100"]
[EventDate "2016.11.19"]
[EventType "swiss"]
[EventRounds "11"]
[EventCountry "CZE"]
[SourceTitle "CBM 175 Extra"]
[Source "ChessBase"]
[SourceDate "2016.12.12"]
[SourceVersion "1"]
[SourceVersionDate "2016.12.12"]
[SourceQuality "1"]

1. d4 d5 2. c4 e6 3. Nc3 Nf6 4. Bg5 Nbd7 5. c5 Be7 6. e3 h6 7. Bh4 c6 8. h3 b6 9. b4 bxc5 10. bxc5 Qa5 11. Qd2 Ne4 12. Nxe4 Qxd2+ 13. Nxd2 Bxh4 14. Ngf3 Bf6 15. Rb1 0-0 16. Be2 a5 17. a4 Re8 18. 0-0 e5 19. Rfe1 exd4 20. exd4 Rb8 21. Rxb8 Nxb8 22. Nb3 Bd8 23. Kf1 f6 24. Rb1 Na6 25. Bxa6 Bxa6+ 26. Kg1 Bc7 27. g3 Kf7 28. Kg2 Re2 29. Nbd2 Re8 30. Rb3 Rb8 31. Rxb8 Bxb8 32. Nb3 Bc7 33. Nfd2 Bd3 34. Kf3 Bc2 35. Ke3 Ke6 36. Kf3 h5 37. h4 Kf5 38. Ke3 g5 39. hxg5 fxg5 40. Kf3 Bd8 41. Ke3 Kg4 42. Ke2 h4 43. gxh4 gxh4 44. f3+ Kf4 45. Nc1 Bxa4 46. Nd3+ Kf5 47. Nf1 Bb5 48. Ne3+ Ke6 49. Kd2 Bxd3 50. Kxd3 h3 0-1

[Event "Marianske Lazne op 12th"]
[Site "Marianske Lazne"]
[Date "2013.01.19"]
[Round "1"]
[White "Svec, Jan"]
[Black "Simon, Peter1111"]
[Result "0-1"]
[WhiteElo "1821"]
[BlackElo "2164"]
[PlyCount "96"]
[EventDate "2013.01.19"]
[EventType "swiss"]
[EventRounds "9"]
[EventCountry "CZE"]
[SourceTitle "CBM 152 Extra"]
[Source "ChessBase"]
[SourceDate "2013.02.25"]
[SourceVersion "1"]
[SourceVersionDate "2013.02.25"]
[SourceQuality "1"]

1. d4 d6 2. Nf3 Nf6 3. c4 Nbd7 4. Nc3 e5 5. Bg5 c6 6. e3 Be7 7. Be2 0-0 8. 0-0 Ne8 9. Bxe7 Qxe7 10. dxe5 dxe5 11. Qc2 f5 12. h3 g6 13. a3 Nc7 14. b4 e4 15. Nh2 Ne5 16. Kh1 Be6 17. c5 Rad8 18. Rad1 Nd5 19. Nxd5 Bxd5 20. Qc1 Bb3 21. Rxd8 Rxd8 22. Qc3 Qe6 23. f3 exf3 24. Nxf3 Nxf3 25. Bxf3 Qc4 26. Qxc4+ Bxc4 27. Rd1 Rd3 28. Rxd3 Bxd3 29. Kg1 Kf7 30. Kf2 Ke6 31. Ke1 Ke5 32. Kd2 Be4 33. h4 h6 34. Ke2 g5 35. hxg5 hxg5 36. g4 f4 37. Kf2 fxe3+ 38. Kxe3 Bxf3 39. Kxf3 Kd4 40. Ke2 Ke4 41. Kd2 Kd4 42. Kc2 Kc4 43. Kb2 a5 44. bxa5 Kxc5 45. a6 bxa6 46. Kc3 a5 47. Kb3 Kd4 48. Ka4 c5 0-1